ბათუმის შოთა რუსთაველის სახელმწიფო უნივერსიტეტის ბიბლიოთეკა

Ботаника.Т2.Систематика растении (ბიბ.ჩანაწერი № 45550)

000 -LEADER
fixed length control field 00593nam a2200205Ia 4500
001 - CONTROL NUMBER
control field 12376
003 - CONTROL NUMBER IDENTIFIER
control field GE_BSU
008 - FIXED-LENGTH DATA ELEMENTS--GENERAL INFORMATION
fixed length control field 181216s||||||||xx |||||||||||||| ||und||
040 ## - CATALOGING SOURCE
Transcribing agency GE_BSU
080 ## - UNIVERSAL DECIMAL CLASSIFICATION NUMBER
Universal Decimal Classification number 58(075.8)+582
245 ## - TITLE STATEMENT
Title Ботаника.Т2.Систематика растении
245 ## - TITLE STATEMENT
Statement of responsibility, etc. Под.ред. Л.И.Курсанова.Ред.Т.И.Серебрякова
260 ## - PUBLICATION, DISTRIBUTION, ETC.
Place of publication, distribution, etc. Москва
260 ## - PUBLICATION, DISTRIBUTION, ETC.
Name of publisher, distributor, etc. Учпедгиз
260 ## - PUBLICATION, DISTRIBUTION, ETC.
Date of publication, distribution, etc. 1951
300 ## - PHYSICAL DESCRIPTION
Extent 479стр.26см.
653 ## - INDEX TERM--UNCONTROLLED
Uncontrolled term Ботаника.
653 ## - INDEX TERM--UNCONTROLLED
Uncontrolled term Систематика растении
942 ## - ADDED ENTRY ELEMENTS (KOHA)
Koha item type წიგნი
ეგზემპლარები
Withdrawn status Lost status Damaged status Not for loan Date acquired Barcode Date last seen Price effective from Koha item type
        2018-12-17 20410 2018-12-17 2018-12-17 წიგნი